00425 2200169 4500001002100000005001500021035002000036245004000056100001500096250001700111300003200128260003300160082001000193084001600203020002200219650001400241INLIS00000000000042120240618081537 a0010-06240001301 aBudi Daya Udang Windu /cAhmad Said0 aAhmad Said acetakan ke-1 aiv, 92 hlm :bilus ;c21 cm aJakarta :bAzka Press,c2007 a639.5 a639.5 AHM b a978-979-121-163-5 4aBudi Daya